| 000 | 00569nam a2200145Ia 4500 | ||
|---|---|---|---|
| 008 | 140724s9999 xx 000 0 und d | ||
| 050 |
_aPN 1991.6 _b.Op61 2012 |
||
| 100 | _aOpiano, Christian Lawrence. | ||
| 245 |
_aFactors that motivate the listeners to patronize 90.7 Love Radio as perceived by selected Parañaque and Las Piñas residents / _cChristian Lawrence Opiano. |
||
| 260 |
_aLas Piñas, Philippines : _bSouthville International School and Colleges, _cc2012. |
||
| 300 |
_a43 p. : _c28 cm. |
||
| 521 | _aMass Communication | ||
| 942 | _cTH | ||
| 999 |
_c228859 _d228859 |
||